000 00432nam a2200205Ia 4500
001 12738
003 GE_BSU
008 181216s||||||||xx |||||||||||||| ||und||
020 _a0440236673
040 _cGE_BSU
080 _a821.111-32.1
100 _aGrisham,John
245 4 _aThe Brethren
260 _aNew York
260 _bIsland books
260 _c2001
300 _a460p.18cm.
653 _aThe Brethren
942 _cBK
999 _c45909
_d45909